000 00429nam a2200181Ia 4500
001 2622
005 20260306144820.0
008 260306t2020||||xx |||||||||||||| ||spa||
041 _aESP
082 _a618.92
_bK62 V. 2
100 _aKliegman, Robert M.,
_eAUT
245 0 _aTratado de pediatrĂ­a
260 _c2020
300 _avarias paginaciones :
_c28 cm.
650 _aGEN
654 _aCCS
942 _cLIB
_dJUS
_fJUS
_2ddc
_n
999 _c2622
_d2622